000 00478nam a2200193Ia 4500
005 20240913125437.0
008 240913s9999||||xx |||||||||||||| ||und||
020 _a0-12-4406-51-3
041 _aENGLISH
082 _A621.392 P0
100 _aLee,Weng Fook
245 0 _aVHDL : Coding and Logic Systhesis with SYNOPSYS
250 _a1st
260 _c2006
_bBS,Hyd
_aHydrabad
500 _aREFERENCE
650 _avhdl
_bInstrumentation
942 _cREF
999 _c245557
_d245557